000 00689nam a2200181Ia 4500
008 100917s9999 xx 000 0 und d
082 _b58990
100 _aमथुरे सुरेश
245 _aज्ञानवृक्षाच्या पारंब्या भाग 2
260 _bअनिरूध्द साहित्य
_c1980
300 _a71
365 _b7
520 _aबालविभाग
630 _aज्ञानवृक्षाच्या पारंब्या भाग 2
650 _aबालविभाग
730 _aज्ञानवृक्षाच्या पारंब्या भाग 2
942 _cBOOK
999 _c664384
_d664381